Рукописи трудов по Екатеринославской губернии (география, этнография, фольклор)

Доступно только в Электронных читальных залах Найти на картеНа карте
Описи
RUSMARC
00004219nmc1a22002773x 450
0011ed5677d-292a-42c3-8491-a83c2ff28ac4
00520231123160102.0
100##$a20231107l18481895k###0rusy50 ca
1010#$arus
102##$aRU
1222#$ad1848######
$ad1895######
2001#$aРукописи трудов по Екатеринославской губернии (география, этнография, фольклор)
$j1848-1895
251##$a1 опись
$cФонд
300##$aИспользованы материалы сайта Научного архива Русского Географического Общества (НА РГО)
330##$aВ административном отношении Екатеринославская губерния составляла сначала часть Новороссийской губернии, под названием Екатерининской провинции. В 1783 г. было образовано Екатеринославское наместничество, в 1803 г. - Екатеринославская губерния. В 1874 г. Александровский уезд был разделен на два уезда: Александровский и Мариупольский. В 1887 г. от Екатеринославской губернии отделены Ростовский на Дону уезд и Таганрогское градоначальство и губерния осталась в составе 8 уездов. Упразднена в 1925 г.
5171#$aРазряд 13. Рукописи трудов членов Русского Географического Общества и отдельные документы по Екатеринославской губернии
60102$2prlib_sh
$3LIBNET\UAF\0000066563
$aРусское географическое общество
$xДеятельность
$jАрхивы
607##$2prlib_sh
$aЕкатеринославская губерния
$xИсторико-статистические исследования
$jАрхивы
617##$cЕкатеринославская губерния
$2prlib_sh
686##$a63.3(28-8Ека)л63
$vLBC/M
$2rubbk
71002$3RU\NLR\AUTH\888969
$aРусское географическое общество
801#0$aRU
$bПБ им. Б.Н. Ельцина
$c20231107
801#1$aRU
$bПБ им. Б.Н. Ельцина
$c20231107
$2rusmarc
801#2$aRU
$bПБ им. Б.Н. Ельцина
$c20231123
$gRCR
$2rusmarc
850##$aРусское географическое общество. Научный архив
852##$aНА РГО
$jР-XIII
035##$aLIBNET\0001360769
937##$d189095455
$hПБ
8564#$uhttp://readingroom.main.prlib.ru/item.aspx?id_node=n189095455&mode=full
Формат отображения